000 01170cam a22003493a 4500
001 28385
003 PGUSA
005 20140828083619.0
008 090322s2009||||xxu|||||s|||||000 1 eng d
040 _aPGUSA
_beng
042 _adc
050 4 _aPZ
100 1 _aJackson, Helen Hunt,
_d1830-1885
245 1 4 _aThe Hunter Cats of Connorloa
_h[electronic resource] /
_cHelen Hunt Jackson
260 _bProject Gutenberg,
_c2009
506 _aPublic domain in the USA.
516 _aElectronic text
653 _aHunting -- Juvenile fiction
653 _aOrphans -- Juvenile fiction
653 _aChildren -- Conduct of life -- Juvenile fiction
653 _aChristian life -- Juvenile fiction
653 _aConduct of life -- Juvenile fiction
653 _aBrothers and sisters -- Juvenile fiction
653 _aNational characteristics, Chinese -- Juvenile fiction
653 _aSick -- Juvenile fiction
653 _aNatural history -- Juvenile fiction
653 _aCalifornia -- Juvenile fiction
653 _aCats -- Juvenile fiction
830 0 _aProject Gutenberg
_v28385
856 4 0 _uhttp://www.gutenberg.org/ebooks/28385
942 _cEB
999 _c257640
_d257640